000 00723nam a22002057a 4500
999 _c12990
_d12990
003 AR-CdUCM
008 190410b ||||| |||| 00| 0 spa d
040 _aMUNICIPALIDAD PROVINCIAL DEL CUSCO
_cBIBLIOTECA MUNICIPAL DEL CUSCO
082 _23ed.
_aC / 373.1 /
_bV66
100 _aVillasante Ortiz, Segundo
_927858
245 _aMetodología pedagógica /
260 _aCusco :
_bMejia Ramos,
_c1961.
300 _a312 páginas ;
_c21 cm.
505 _aGeneralidades -- Historia del método -- Método pedagógico -- Clasificación de métodos -- Principios de pedagogía...
650 _aPedagogia.
_91560
650 _aMetodos.
_920839
650 _aEducación.
_9460
942 _2ddc
_cLIBROS
945 _awfj
_d2019-04-10